| 000 | 00629nam a2200217Ia 4500 | ||
|---|---|---|---|
| 001 | 71098 | ||
| 005 | 20260318112525.0 | ||
| 008 | 160226s9999 xx 000 0 und d | ||
| 020 | _a9781449698744 | ||
| 040 | _cPK-LaUMT | ||
| 082 |
_a 613.2 _bAND-H |
||
| 100 |
_aAnderson, John J. B. _99880 |
||
| 245 |
_aHuman nutrition : _bhealthy options for life / _cAnderson, John J. B.|Root, Martin M.|Garner, Sanford C. |
||
| 260 |
_aBurlington,USA: _bJones & Bartlett Learning, _c2015 |
||
| 300 | _a616 p. | ||
| 546 | _aEN | ||
| 650 | _aFood | ||
| 700 |
_aGarner, Sanford C. _99881 |
||
| 700 |
_aRoot, Martin M. _99882 |
||
| 942 | _cBK | ||
| 999 |
_c83491 _d83491 |
||